Cien sonetos de amor / (Registro nro. 2443)
[ vista simple ]
| 000 -LEADER | |
|---|---|
| fixed length control field | 00947nam a2200205 a 4500 |
| 008 - CAMPO DE CONTROL (LIBRO) | |
| fixed length control field | 180918s1996 ag ||||| |||| 00| 0 spa d |
| 020 ## - INTERNATIONAL STANDARD BOOK NUMBER | |
| ISBN | 9507423168 |
| 041 ## - CODIGO DE IDIOMA | |
| Código de idioma del texto/pista de sonido o título separado | spa |
| 092 ## - SIGNATURA TOPOGRAFICA DEWEY LOCAL | |
| número de clasificación | 808.8 |
| libristica | 55 |
| sección | NER |
| 100 1# - ENTRADA PRINCIPAL--NOMBRE PERSONAL | |
| Nombre personal | Neruda, Pablo |
| 9 (RLIN) | 2928 |
| 245 ## - TITULO PROPIAMENTE DICHO | |
| Título | Cien sonetos de amor / |
| Mención de responsabilidad y remanente de la transcripción de la portada | Pablo Neruda |
| 250 ## - MENCION DE EDICION | |
| Mención de edición | 8a ed. |
| 260 ## - PIE DE IMPRENTA | |
| Lugar de publicación, distribución, etc | Buenos Aires: |
| Nombre de la editorial, distribuidor, etc | Planeta; |
| Fecha de publicación | 1996. |
| 300 ## - DESCRIPCION FISICA | |
| Extension | 126 p. |
| 500 ## - NOTA GENERAL | |
| Nota general | Neruda, P. (1996). Cien sonetos de amor. (8a ed.). Buenos Aires : Planeta. |
| 505 ## - NOTA DE CONTENIDO | |
| Nota de contenido formateada | En los Cien sonetos de amor de Neruda habla para Matilde Urrutia. Estos versos definen lo que su mujer significaba para él. Sin embargo, el amor al que los Cien sonetos rinden homenaje es para el poeta no sólo el cuerpo amado -su faz tangible- sino también la vía de acceso que permite a la conciencia individual reconocerse en el ser del mundo. |
| 590 ## - NOTAS LOCALES (RLIN) | |
| Nota local | Proyecto 4to libro. Donación Constanzo, Juan Carlos |
| 655 ## - MATERIA - GENERO/FORMA | |
| Género/Forma | Poesia |
| -- | 2929 |
| 942 ## - ADDED ENTRY ELEMENTS (KOHA) | |
| Source of classification or shelving scheme | Dewey Decimal Classification |
| Item type | LITERATURA |
| Estado de retiro | Existencia | Fuente de clasificación | Estado general | No para prestamo | Colección | Ubicación permanente | ubicación actual | Sala de ubicación | Fecha de adquisición | Fuente de adquisición | Total Checkouts | Total Renewals | Número de clasificación | Código de barras | Date last seen | Date last borrowed | Número de ejemplar | Price effective from | Koha tipo de elemento (item) | Public note |
|---|---|---|---|---|---|---|---|---|---|---|---|---|---|---|---|---|---|---|---|---|
| Dewey Decimal Classification | Non-fiction | Biblioteca Medicina | Biblioteca Medicina | Circulación | 18/09/2017 | 2017-09-18 | 3 | 3 | 808.8 55 NER | 3925 | 07/08/2023 | 07/07/2023 | Ej.1 | 18/09/2017 | LITERATURA | Proyecto 4to Libro. Donación Constanzo Juan Carlos, Septiembre 2017 |